[Event "XXVII RUS-chT Premier 2020"]
[Site "Sochi"]
[Date "2020.11.19"]
[Round "1.26"]
[White "Kardashevskiy, Evgeny"]
[Black "Dreev, Aleksey"]
[Result "0-1"]
[WhiteElo "2436"]
[BlackElo "2655"]
[Annotator "ChessBase"]
[PlyCount "179"]
[EventDate "2020.11.19"]
[EventType "team-tourn"]
[EventCountry "RUS"]
[SourceTitle "playchess.com"]
[Source "ChessBase"]
[SourceQuality "1"]
[TimeControl "40/5400+30:1800+30"]

1. d4 {[%emt 0:00:00]} Nf6 {[%emt 0:00:00]} 2. Nf3 {[%emt 0:00:00]} e6 {[%emt 0:00:00]} 3. c4 {[%emt 0:00:30]} Bb4+ {[%emt 0:00:00]} 4. Nbd2 {[%emt 0:00:57]} b6 {[%emt 0:00:32]} 5. a3 {[%emt 0:00:48]} Bxd2+ {[%emt 0:00:07]} 6. Qxd2 {[%emt 0:00:22]} Bb7 {[%emt 0:00:14]} 7. e3 {[%emt 0:00:35]} a5 {[%emt 0:00:26]} 8. b3 {[%emt 0:00:28]} O-O {[%emt 0:00:36]} 9. Be2 {[%emt 0:01:06]} d6 {[%emt 0:00:17]} 10. Bb2 {[%emt 0:03:03]} Nbd7 {[%emt 0:00:16]} 11. O-O {[%emt 0:00:45]} Qe7 {[%emt 0:00:08]} 12. Qc2 {[%emt 0:00:52]} c5 {[%emt 0:01:05]} 13. Rfd1 {[%emt 0:02:12]} Rfd8 {[%emt 0:00:11]} 14. Rac1 {[%emt 0:14:46]} Rac8 {[%emt 0:01:42]} 15. Qb1 {[%emt 0:01:18]} h6 {[%emt 0:04:05]} 16. Ba1 {[%emt 0:02:28]} Be4 {[%emt 0:23:10]} 17. Qb2 {[%emt 0:01:23]} Bg6 {[%emt 0:00:14]} 18. h3 {[%emt 0:04:13]} Bh5 {[%emt 0:09:12]} 19. Rc2 {[%emt 0:06:45]} Qf8 {[%emt 0:03:19]} 20. Ne1 {[%emt 0:06:23]} Bxe2 {[%emt 0:03:04]} 21. Rxe2 {[%emt 0:00:08]} a4 {[%emt 0:02:45]} 22. bxa4 {[%emt 0:08:56]} cxd4 {[%emt 0:03:12]} 23. Qxd4 {[%emt 0:02:32]} Rc6 {[%emt 0:02:54]} 24. Bc3 {[%emt 0:23:59]} Ne5 {[%emt 0:11:57]} 25. Bb4 {[%emt 0:04:11]} Rxc4 {[%emt 0:01:20]} 26. Qxb6 {[%emt 0:01:39]} Nd5 {[%emt 0:00:34]} 27. Qa6 {[%emt 0:02:25]} Ra8 {[%emt 0:06:31]} 28. Qxd6 {[%emt 0:05:24]} Qxd6 {[%emt 0:00:44]} 29. Bxd6 {[%emt 0:00:04]} Nc3 {[%emt 0:00:08]} 30. Bxe5 {[%emt 0:00:11]} Nxd1 {[%emt 0:02:37]} 31. Rd2 {[%emt 0:02:25]} Nc3 {[%emt 0:01:52]} 32. Rc2 {[%emt 0:01:12]} Rac8 {[%emt 0:00:21]} 33. a5 {[%emt 0:00:13]} f6 {[%emt 0:06:21]} 34. Bd6 {[%emt 0:01:12]} Nb5 {[%emt 0:03:51]} 35. Rxc4 {[%emt 0:00:07]} Rxc4 {[%emt 0:00:04]} 36. Bb4 {[%emt 0:00:11]} Kf7 {[%emt 0:05:48]} 37. Kf1 {[%emt 0:00:42]} e5 {[%emt 0:04:35]} 38. Ke2 {[%emt 0:00:42]} Ke6 {[%emt 0:00:09]} 39. Kd3 {[%emt 0:01:29]} Kd5 {[%emt 0:02:34]} 40. Nc2 {[%emt 0:00:00]} e4+ {[%emt 0:00:00]} 41. Kd2 {[%emt 0:04:16]} Rc8 {[%emt 0:01:55]} 42. a4 {[%emt 0:04:52]} Nc7 {[%emt 0:05:43]} 43. Nd4 {[%emt 0:02:25]} Na6 {[%emt 0:00:29]} 44. Ba3 {[%emt 0:04:52]} g6 {[%emt 0:04:09]} 45. g4 {[%emt 0:01:46]} Rc4 {[%emt 0:06:10]} 46. Bf8 {[%emt 0:10:47]} Rxa4 {[%emt 0:02:57]} 47. h4 {[%emt 0:01:08]} h5 {[%emt 0:02:26]} 48. gxh5 {[%emt 0:00:10]} gxh5 {[%emt 0:00:09]} 49. Ne2 {[%emt 0:00:44]} Ke6 {[%emt 0:04:34]} 50. Ng3 {[%emt 0:01:01]} Kf7 {[%emt 0:01:38]} 51. Bd6 {[%emt 0:00:55]} Kg6 {[%emt 0:00:18]} 52. Ke1 {[%emt 0:00:25]} Ra1+ {[%emt 0:01:07]} 53. Ke2 {[%emt 0:03:31]} f5 {[%emt 0:00:17]} 54. Be7 {[%emt 0:00:14]} Rxa5 {[%emt 0:02:16]} 55. Kf1 {[%emt 0:00:21]} Ra1+ {[%emt 0:00:49]} 56. Kg2 {[%emt 0:00:25]} Ra2 {[%emt 0:00:16]} 57. Kf1 {[%emt 0:00:55]} Ra1+ {[%emt 0:01:48]} 58. Kg2 {[%emt 0:00:08]} Re1 {[%emt 0:00:10]} 59. Bd6 {[%emt 0:00:22]} Rd1 {[%emt 0:00:07]} 60. Be7 {[%emt 0:00:32]} Rd7 {[%emt 0:00:45]} 61. Ba3 {[%emt 0:01:07]} Nc7 {[%emt 0:00:58]} 62. Ne2 {[%emt 0:00:31]} Ne6 {[%emt 0:00:31]} 63. Bb4 {[%emt 0:00:28]} Rd1 {[%emt 0:02:56]} 64. Bc3 {[%emt 0:01:01]} f4 {[%emt 0:01:08]} 65. exf4 {[%emt 0:01:00]} Rd3 {[%emt 0:00:42]} 66. Be5 {[%emt 0:00:28]} Rf3 {[%emt 0:00:11]} 67. Bd6 {[%emt 0:01:48]} Ng7 {[%emt 0:00:24]} 68. Be7 {[%emt 0:00:21]} Nf5 {[%emt 0:00:21]} 69. Bg5 {[%emt 0:00:12]} Rd3 {[%emt 0:00:26]} 70. Kf1 {[%emt 0:00:36]} Kf7 {[%emt 0:00:53]} 71. Kg2 {[%emt 0:00:38]} Ke6 {[%emt 0:00:05]} 72. Kf1 {[%emt 0:00:10]} Ra3 {[%emt 0:01:24]} 73. Kg2 {[%emt 0:00:41]} Rb3 {[%emt 0:00:22]} 74. Kf1 {[%emt 0:00:18]} Rb2 {[%emt 0:00:24]} 75. Nc3 {[%emt 0:00:29]} e3 {[%emt 0:00:28]} 76. fxe3 {[%emt 0:00:31]} Nxe3+ {[%emt 0:00:05]} 77. Ke1 {[%emt 0:00:57]} Kf5 {[%emt 0:00:10]} 78. Ne2 {[%emt 0:00:17]} Kg4 {[%emt 0:00:23]} 79. Bf6 {[%emt 0:00:37]} Ra2 {[%emt 0:00:43]} 80. Nc3 {[%emt 0:00:52]} Rc2 {[%emt 0:00:26]} 81. Ne2 {[%emt 0:00:32]} Ng2+ {[%emt 0:00:44]} 82. Kd1 {[%emt 0:00:19]} Rc6 {[%emt 0:00:26]} 83. Be5 {[%emt 0:00:18]} Nxh4 {[%emt 0:00:38]} 84. Nd4 {[%emt 0:00:05]} Rc8 {[%emt 0:00:36]} 85. Ke2 {[%emt 0:01:16]} Ng6 {[%emt 0:00:07]} 86. Ke3 {[%emt 0:00:26]} Nxf4 {[%emt 0:00:32]} 87. Nf3 {[%emt 0:00:33]} Re8 {[%emt 0:00:40]} 88. Ke4 {[%emt 0:00:17]} Ng6 {[%emt 0:00:17]} 89. Nh2+ {[%emt 0:00:08]} Kh3 {[%emt 0:00:09]} 90. Kd4 0-1

[Event "XXVII RUS-chT Premier 2020"]
[Site "Sochi"]
[Date "2020.11.19"]
[Round "1.27"]
[White "Rublevsky, Sergei"]
[Black "Musalov, Ruslan"]
[Result "1-0"]
[WhiteElo "2653"]
[BlackElo "2348"]
[Annotator "ChessBase"]
[PlyCount "51"]
[EventDate "2020.11.19"]
[EventType "team-tourn"]
[EventCountry "RUS"]
[SourceTitle "playchess.com"]
[Source "ChessBase"]
[SourceQuality "1"]
[TimeControl "40/5400+30:1800+30"]

1. e4 {[%emt 0:00:00]} e5 {[%emt 0:01:08]} 2. Nf3 {[%emt 0:00:00]} Nc6 {[%emt 0:00:07]} 3. Bb5 {[%emt 0:00:00]} d6 {[%emt 0:07:39]} 4. d4 {[%emt 0:00:44]} Bd7 {[%emt 0:00:51]} 5. Nc3 {[%emt 0:01:09]} Nf6 {[%emt 0:00:57]} 6. Bxc6 {[%emt 0:01:35]} Bxc6 {[%emt 0:00:19]} 7. Qd3 {[%emt 0:00:04]} Nd7 {[%emt 0:16:50]} 8. Be3 {[%emt 0:03:12]} exd4 {[%emt 0:02:00]} 9. Nxd4 {[%emt 0:02:03]} Ne5 {[%emt 0:11:48]} 10. Qe2 {[%emt 0:01:14]} Bd7 {[%emt 0:01:06]} 11. O-O-O {[%emt 0:06:37]} Be7 {[%emt 0:03:14]} 12. f3 {[%emt 0:06:29]} c6 {[%emt 0:26:20]} 13. f4 {[%emt 0:12:19]} Bg4 {[%emt 0:09:49]} 14. Nf3 {[%emt 0:00:48]} Nxf3 {[%emt 0:01:20]} 15. gxf3 {[%emt 0:00:06]} Bd7 {[%emt 0:00:10]} 16. Bd4 {[%emt 0:03:44]} Bf8 {[%emt 0:01:08]} 17. Rhg1 {[%emt 0:04:18]} Rg8 {[%emt 0:04:56]} 18. f5 {[%emt 0:02:10]} Qa5 {[%emt 0:01:47]} 19. Bf6 {[%emt 0:05:00]} gxf6 {[%emt 0:05:46]} 20. Rxg8 {[%emt 0:00:13]} O-O-O {[%emt 0:00:02]} 21. Kb1 {[%emt 0:02:40]} b5 {[%emt 0:01:15]} 22. Qf2 {[%emt 0:02:37]} b4 {[%emt 0:00:35]} 23. Ne2 {[%emt 0:00:55]} Kc7 {[%emt 0:00:10]} 24. Qh4 {[%emt 0:02:53]} Qb5 {[%emt 0:01:27]} 25. Nd4 {[%emt 0:02:29]} Qe5 {[%emt 0:00:41]} 26. Qxh7 {[%emt 0:01:40]} 1-0

[Event "XXVII RUS-chT Premier 2020"]
[Site "Sochi"]
[Date "2020.11.19"]
[Round "1.28"]
[White "Truskavetsky, Alexandr"]
[Black "Zvjaginsev, Vadim"]
[Result "0-1"]
[WhiteElo "2399"]
[BlackElo "2602"]
[Annotator "ChessBase"]
[PlyCount "114"]
[EventDate "2020.11.19"]
[EventType "team-tourn"]
[EventCountry "RUS"]
[SourceTitle "playchess.com"]
[Source "ChessBase"]
[SourceQuality "1"]
[TimeControl "40/5400+30:1800+30"]

1. d4 {[%emt 0:00:00]} d6 {[%emt 0:01:23]} 2. Nf3 {[%emt 0:00:00]} Nf6 {[%emt 0:01:26]} 3. g3 {[%emt 0:04:40]} g6 {[%emt 0:00:31]} 4. Bg2 {[%emt 0:01:09]} Bg7 {[%emt 0:00:11]} 5. O-O {[%emt 0:00:09]} O-O {[%emt 0:00:05]} 6. b3 {[%emt 0:03:53]} a5 {[%emt 0:02:43]} 7. a4 {[%emt 0:07:20]} b6 {[%emt 0:03:05]} 8. Bb2 {[%emt 0:02:57]} Bb7 {[%emt 0:00:29]} 9. Nbd2 {[%emt 0:00:35]} c5 {[%emt 0:04:26]} 10. Re1 {[%emt 0:10:28]} Ne4 {[%emt 0:06:56]} 11. c4 {[%emt 0:17:22]} Ra7 {[%emt 0:09:20]} 12. Nxe4 {[%emt 0:07:43]} Bxe4 {[%emt 0:00:10]} 13. Qd2 {[%emt 0:00:10]} Bxf3 {[%emt 0:06:45]} 14. Bxf3 {[%emt 0:12:04]} cxd4 {[%emt 0:00:55]} 15. Bxd4 {[%emt 0:00:26]} Bxd4 {[%emt 0:00:28]} 16. Qxd4 {[%emt 0:00:05]} Na6 {[%emt 0:01:51]} 17. h4 {[%emt 0:00:47]} Nc5 {[%emt 0:07:04]} 18. Qc3 {[%emt 0:02:17]} Qd7 {[%emt 0:02:28]} 19. Rad1 {[%emt 0:00:57]} Rd8 {[%emt 0:02:47]} 20. h5 {[%emt 0:07:22]} Qe8 {[%emt 0:03:50]} 21. Kg2 {[%emt 0:04:20]} Qf8 {[%emt 0:01:05]} 22. hxg6 {[%emt 0:00:58]} fxg6 {[%emt 0:03:10]} 23. Rh1 {[%emt 0:02:26]} Qf6 {[%emt 0:02:41]} 24. Bd5+ {[%emt 0:02:55]} Kh8 {[%emt 0:03:34]} 25. Qe3 {[%emt 0:02:40]} e6 {[%emt 0:00:47]} 26. Bf3 {[%emt 0:00:29]} Rad7 {[%emt 0:04:30]} 27. Bc6 {[%emt 0:02:26]} Rc7 {[%emt 0:05:13]} 28. Bf3 {[%emt 0:00:07]} Rcd7 {[%emt 0:01:02]} 29. Rh4 {[%emt 0:00:21]} Qe5 {[%emt 0:00:51]} 30. Qh6 {[%emt 0:00:29]} Kg8 {[%emt 0:01:07]} 31. Rdh1 {[%emt 0:02:59]} Rf8 {[%emt 0:02:49]} 32. Rg4 {[%emt 0:01:13]} Rf5 {[%emt 0:03:56]} 33. Rd1 {[%emt 0:01:50]} Qf6 {[%emt 0:03:59]} 34. Qe3 {[%emt 0:01:03]} h5 {[%emt 0:02:28]} 35. Rh4 {[%emt 0:01:51]} Kg7 {[%emt 0:03:26]} 36. Rb1 {[%emt 0:00:37]} Rf7 {[%emt 0:01:22]} 37. b4 {[%emt 0:00:31]} axb4 {[%emt 0:03:40]} 38. Rxb4 {[%emt 0:00:38]} Nd7 {[%emt 0:00:42]} 39. Rb5 {[%emt 0:00:35]} Ne5 {[%emt 0:00:39]} 40. Rf4 {[%emt 0:00:00]} Rxf4 {[%emt 0:00:00]} 41. Qxf4 {[%emt 0:01:19]} Qxf4 {[%emt 0:01:27]} 42. gxf4 {[%emt 0:02:07]} Nxc4 {[%emt 0:04:52]} 43. e3 {[%emt 0:01:48]} Rf5 {[%emt 0:03:02]} 44. Rb4 {[%emt 0:10:47]} Rc5 {[%emt 0:00:12]} 45. e4 {[%emt 0:00:12]} Kf6 {[%emt 0:10:18]} 46. Be2 {[%emt 0:05:53]} d5 {[%emt 0:00:31]} 47. Bd3 {[%emt 0:01:19]} Rc6 {[%emt 0:04:53]} 48. exd5 {[%emt 0:08:11]} exd5 {[%emt 0:00:13]} 49. Rb5 {[%emt 0:00:18]} Rd6 {[%emt 0:01:03]} 50. Kg3 {[%emt 0:00:26]} Na5 {[%emt 0:02:28]} 51. Rb4 {[%emt 0:00:42]} Nb7 {[%emt 0:00:27]} 52. Rd4 {[%emt 0:03:31]} Nc5 {[%emt 0:00:39]} 53. Bc2 {[%emt 0:00:11]} Ne6 {[%emt 0:00:29]} 54. Rd1 {[%emt 0:00:18]} d4 {[%emt 0:00:31]} 55. Kf3 {[%emt 0:00:34]} Nc5 {[%emt 0:00:53]} 56. Rg1 {[%emt 0:00:46]} d3 {[%emt 0:00:17]} 57. Bd1 {[%emt 0:00:04]} Rd4 {[%emt 0:01:50]} 0-1

[Event "XXVII RUS-chT Premier 2020"]
[Site "Sochi"]
[Date "2020.11.19"]
[Round "1.29"]
[White "Potkin, Vladimir"]
[Black "Alexeev, Alexey"]
[Result "1/2-1/2"]
[WhiteElo "2583"]
[BlackElo "2246"]
[Annotator "ChessBase"]
[PlyCount "100"]
[EventDate "2020.11.19"]
[EventType "team-tourn"]
[EventCountry "RUS"]
[SourceTitle "playchess.com"]
[Source "ChessBase"]
[SourceQuality "1"]
[TimeControl "40/5400+30:1800+30"]

1. Nf3 {[%emt 0:00:00]} d5 {[%emt 0:00:00]} 2. e3 {[%emt 0:00:00]} Nf6 {[%emt 0:00:31]} 3. c4 {[%emt 0:00:00]} c6 {[%emt 0:00:08]} 4. Nc3 {[%emt 0:00:12]} a6 {[%emt 0:01:19]} 5. d4 {[%emt 0:00:18]} e6 {[%emt 0:00:09]} 6. b3 {[%emt 0:01:00]} Bb4 {[%emt 0:00:10]} 7. Bd2 {[%emt 0:00:09]} Nbd7 {[%emt 0:00:23]} 8. Bd3 {[%emt 0:00:08]} O-O {[%emt 0:00:13]} 9. O-O {[%emt 0:00:06]} Bd6 {[%emt 0:00:08]} 10. Re1 {[%emt 0:06:18]} Re8 {[%emt 0:05:18]} 11. Qc2 {[%emt 0:05:01]} h6 {[%emt 0:04:43]} 12. h3 {[%emt 0:05:04]} e5 {[%emt 0:02:12]} 13. cxd5 {[%emt 0:00:59]} cxd5 {[%emt 0:00:20]} 14. e4 {[%emt 0:01:45]} dxe4 {[%emt 0:02:56]} 15. Nxe4 {[%emt 0:00:08]} Nxe4 {[%emt 0:00:29]} 16. Bxe4 {[%emt 0:01:27]} exd4 {[%emt 0:03:59]} 17. Bh7+ {[%emt 0:13:36]} Kh8 {[%emt 0:01:37]} 18. Rxe8+ {[%emt 0:00:11]} Qxe8 {[%emt 0:00:07]} 19. Re1 {[%emt 0:00:03]} Qf8 {[%emt 0:10:26]} 20. Nxd4 {[%emt 0:07:44]} Nf6 {[%emt 0:00:52]} 21. Bf5 {[%emt 0:03:07]} Bc5 {[%emt 0:11:15]} 22. Bc3 {[%emt 0:07:14]} Bxd4 {[%emt 0:05:37]} 23. Bxd4 {[%emt 0:00:11]} Qb4 {[%emt 0:00:24]} 24. Rd1 {[%emt 0:11:07]} Bxf5 {[%emt 0:03:06]} 25. Qxf5 {[%emt 0:00:05]} Rd8 {[%emt 0:01:03]} 26. Qf4 {[%emt 0:02:20]} Kg8 {[%emt 0:12:21]} 27. Rd2 {[%emt 0:01:53]} Rd5 {[%emt 0:08:06]} 28. Be3 {[%emt 0:05:03]} Qxf4 {[%emt 0:05:59]} 29. Bxf4 {[%emt 0:00:43]} Rxd2 {[%emt 0:00:59]} 30. Bxd2 {[%emt 0:00:01]} Ne4 {[%emt 0:00:53]} 31. Bb4 {[%emt 0:01:59]} f5 {[%emt 0:04:39]} 32. f3 {[%emt 0:05:16]} Nf6 {[%emt 0:00:11]} 33. g4 {[%emt 0:04:04]} fxg4 {[%emt 0:01:38]} 34. fxg4 {[%emt 0:00:44]} Kf7 {[%emt 0:01:04]} 35. Kf2 {[%emt 0:00:54]} h5 {[%emt 0:02:45]} 36. gxh5 {[%emt 0:07:06]} Nxh5 {[%emt 0:00:18]} 37. Kf3 {[%emt 0:01:34]} Nf6 {[%emt 0:01:08]} 38. Bd2 {[%emt 0:00:11]} Ke6 {[%emt 0:01:22]} 39. Bc3 {[%emt 0:00:51]} g6 {[%emt 0:02:32]} 40. Bxf6 {[%emt 0:00:00]} Kxf6 {[%emt 0:00:00]} 41. Kf4 {[%emt 0:14:00]} a5 {[%emt 0:10:01]} 42. h4 {[%emt 0:03:00]} b6 {[%emt 0:03:42]} 43. Ke4 {[%emt 0:08:55]} Ke6 {[%emt 0:00:30]} 44. a3 {[%emt 0:04:39]} Kd6 {[%emt 0:00:48]} 45. Kf4 {[%emt 0:00:39]} Ke6 {[%emt 0:00:31]} 46. Kg5 {[%emt 0:00:09]} Kf7 {[%emt 0:00:10]} 47. Kg4 {[%emt 0:09:08]} Kf6 {[%emt 0:00:49]} 48. Kf4 {[%emt 0:00:06]} Ke6 {[%emt 0:00:07]} 49. Ke4 {[%emt 0:00:35]} Kd6 {[%emt 0:00:24]} 50. Kd4 {[%emt 0:00:46]} Ke6 {[%emt 0:00:39]} 1/2-1/2

[Event "XXVII RUS-chT Premier 2020"]
[Site "Sochi"]
[Date "2020.11.19"]
[Round "1.30"]
[White "Linker, Mikhail"]
[Black "Kornev, Alexei"]
[Result "0-1"]
[WhiteElo "2269"]
[BlackElo "2515"]
[Annotator "ChessBase"]
[PlyCount "164"]
[EventDate "2020.11.19"]
[EventType "team-tourn"]
[EventCountry "RUS"]
[SourceTitle "playchess.com"]
[Source "ChessBase"]
[SourceQuality "1"]
[TimeControl "40/5400+30:1800+30"]

1. Nf3 {[%emt 0:00:00]} Nf6 {[%emt 0:01:37]} 2. c4 {[%emt 0:00:20]} e6 {[%emt 0:02:49]} 3. g3 {[%emt 0:02:16]} d5 {[%emt 0:02:01]} 4. Bg2 {[%emt 0:01:47]} Be7 {[%emt 0:00:52]} 5. O-O {[%emt 0:00:59]} O-O {[%emt 0:00:08]} 6. d4 {[%emt 0:03:17]} Nbd7 {[%emt 0:02:52]} 7. Nbd2 {[%emt 0:03:20]} c6 {[%emt 0:00:30]} 8. Qc2 {[%emt 0:01:32]} b6 {[%emt 0:00:15]} 9. b3 {[%emt 0:02:49]} Bb7 {[%emt 0:01:07]} 10. Bb2 {[%emt 0:02:36]} Rc8 {[%emt 0:00:44]} 11. Rad1 {[%emt 0:02:55]} c5 {[%emt 0:08:15]} 12. Qb1 {[%emt 0:12:32]} dxc4 {[%emt 0:05:54]} 13. Nxc4 {[%emt 0:01:04]} b5 {[%emt 0:06:02]} 14. Nce5 {[%emt 0:05:24]} Be4 {[%emt 0:05:24]} 15. Qa1 {[%emt 0:04:20]} c4 {[%emt 0:02:47]} 16. bxc4 {[%emt 0:04:29]} bxc4 {[%emt 0:00:09]} 17. Rc1 {[%emt 0:02:22]} Nb6 {[%emt 0:04:46]} 18. Nd2 {[%emt 0:04:44]} Bxg2 {[%emt 0:01:19]} 19. Kxg2 {[%emt 0:00:04]} Qd5+ {[%emt 0:03:48]} 20. f3 {[%emt 0:04:06]} Qb5 {[%emt 0:04:25]} 21. e4 {[%emt 0:04:25]} Rfd8 {[%emt 0:06:20]} 22. Bc3 {[%emt 0:05:37]} Qa6 {[%emt 0:04:38]} 23. Rc2 {[%emt 0:03:07]} Na4 {[%emt 0:06:38]} 24. Rf2 {[%emt 0:01:38]} Ne8 {[%emt 0:05:33]} 25. Ndxc4 {[%emt 0:10:00]} Rxc4 {[%emt 0:06:14]} 26. Nxc4 {[%emt 0:00:05]} Qxc4 {[%emt 0:00:34]} 27. Ba5 {[%emt 0:03:17]} Qxd4 {[%emt 0:00:54]} 28. Qxd4 {[%emt 0:02:11]} Rxd4 {[%emt 0:00:18]} 29. Rc8 {[%emt 0:00:04]} Kf8 {[%emt 0:00:12]} 30. Rfc2 {[%emt 0:01:10]} Nb6 {[%emt 0:03:19]} 31. Bxb6 {[%emt 0:08:25]} axb6 {[%emt 0:00:07]} 32. Ra8 {[%emt 0:00:42]} Rd8 {[%emt 0:02:04]} 33. Ra7 {[%emt 0:00:45]} Bc5 {[%emt 0:02:16]} 34. a4 {[%emt 0:01:37]} Be3 {[%emt 0:04:00]} 35. e5 {[%emt 0:00:52]} b5 {[%emt 0:02:38]} 36. Ra5 {[%emt 0:00:16]} bxa4 {[%emt 0:01:14]} 37. Rxa4 {[%emt 0:00:03]} g5 {[%emt 0:01:16]} 38. h4 {[%emt 0:01:26]} h6 {[%emt 0:00:45]} 39. hxg5 {[%emt 0:00:25]} hxg5 {[%emt 0:00:02]} 40. g4 {[%emt 0:00:00]} Rd2+ {[%emt 0:00:00]} 41. Rxd2 {[%emt 0:05:48]} Bxd2 {[%emt 0:01:07]} 42. Rc4 {[%emt 0:02:07]} Bf4 {[%emt 0:01:07]} 43. Rc5 {[%emt 0:01:33]} Ke7 {[%emt 0:00:44]} 44. Kf2 {[%emt 0:01:13]} Kd7 {[%emt 0:00:10]} 45. Ke2 {[%emt 0:00:17]} Nc7 {[%emt 0:00:14]} 46. Kd3 {[%emt 0:00:13]} Nd5 {[%emt 0:00:12]} 47. Ke4 {[%emt 0:00:40]} Ne7 {[%emt 0:00:14]} 48. Rb5 {[%emt 0:03:01]} Kc6 {[%emt 0:05:25]} 49. Rb8 {[%emt 0:05:20]} Ng6 {[%emt 0:00:30]} 50. Rc8+ {[%emt 0:00:28]} Kb7 {[%emt 0:00:20]} 51. Rc2 {[%emt 0:06:31]} Nxe5 {[%emt 0:00:35]} 52. Rc5 {[%emt 0:00:21]} Nc6 {[%emt 0:01:12]} 53. Rb5+ {[%emt 0:02:37]} Kc7 {[%emt 0:00:15]} 54. Rb1 {[%emt 0:00:09]} Kd7 {[%emt 0:02:59]} 55. Rb7+ {[%emt 0:01:40]} Ke8 {[%emt 0:01:18]} 56. Rb5 {[%emt 0:00:24]} Kf8 {[%emt 0:01:10]} 57. Rb6 {[%emt 0:01:32]} Ne7 {[%emt 0:02:49]} 58. Ra6 {[%emt 0:01:26]} Kg7 {[%emt 0:00:23]} 59. Ra7 {[%emt 0:00:37]} Nd5 {[%emt 0:00:58]} 60. Rb7 {[%emt 0:00:46]} Nf6+ {[%emt 0:02:10]} 61. Kd3 {[%emt 0:00:17]} e5 {[%emt 0:04:36]} 62. Rb5 {[%emt 0:02:57]} e4+ {[%emt 0:00:42]} 63. Ke2 {[%emt 0:00:33]} Nd7 {[%emt 0:01:05]} 64. fxe4 {[%emt 0:01:16]} Ne5 {[%emt 0:00:09]} 65. Rb6 {[%emt 0:00:16]} Nxg4 {[%emt 0:00:06]} 66. Kf3 {[%emt 0:00:11]} Ne5+ {[%emt 0:00:06]} 67. Kg2 {[%emt 0:00:09]} g4 {[%emt 0:00:17]} 68. Rb5 {[%emt 0:01:11]} Kg6 {[%emt 0:00:14]} 69. Rb8 {[%emt 0:00:27]} Kg7 {[%emt 0:03:21]} 70. Rb5 {[%emt 0:00:22]} f6 {[%emt 0:01:13]} 71. Rb7+ {[%emt 0:02:00]} Kg6 {[%emt 0:00:10]} 72. Rb8 {[%emt 0:00:10]} Nc4 {[%emt 0:01:46]} 73. Rb5 {[%emt 0:02:09]} Ne3+ {[%emt 0:00:14]} 74. Kf2 {[%emt 0:00:21]} g3+ {[%emt 0:00:55]} 75. Kg1 {[%emt 0:00:04]} Be5 {[%emt 0:00:25]} 76. Kh1 {[%emt 0:01:21]} Kg5 {[%emt 0:00:10]} 77. Kg1 {[%emt 0:00:08]} Kf4 {[%emt 0:00:09]} 78. Rb4 {[%emt 0:00:06]} Bc3 {[%emt 0:00:31]} 79. Ra4 {[%emt 0:00:32]} Kf3 {[%emt 0:00:10]} 80. Kh1 {[%emt 0:00:35]} Be1 {[%emt 0:00:15]} 81. e5 {[%emt 0:00:27]} g2+ {[%emt 0:00:22]} 82. Kh2 {[%emt 0:00:04]} Bg3+ {[%emt 0:00:06]} 0-1

[Event "XXVII RUS-chT Premier 2020"]
[Site "Sochi"]
[Date "2020.11.20"]
[Round "2.1"]
[White "Vitiugov, Nikita"]
[Black "Triapishko, Alexandr"]
[Result "1/2-1/2"]
[WhiteElo "2722"]
[BlackElo "2506"]
[Annotator "TA"]
[PlyCount "122"]
[EventDate "2020.11.19"]
[EventType "team-tourn"]
[EventCountry "RUS"]
[SourceTitle "playchess.com"]
[Source "ChessBase"]
[SourceQuality "1"]

{[%evp 14,122,-8,-2,29,42,41,0,9,0,0,0,0,0,0,0,0,0,70,61,75,62,64,41,45,35,48,31,37,44,45,52,93,78,76,79,93,88,78,81,75,85,77,58,60,70,91,72,68,64,74,64,46,50,54,76,120,15,122,122,130,88,88,88,88,88,88,88,88,88,88,88,88,88,88,88,88,88,88,88,88,88,88,88,88,88,88,88,88,88,88,88,88,88,88,88,88,88,88,88,88,88,88,88,88,0,88,0,98,0,88]} 1. e4 c6 2. d4 d5 3. e5 Bf5 4. Nc3 e6 5. g4 Bg6 6. Nge2 c5 7. h4 h5 8. Nf4 cxd4 {B12: Caro-Kann: Advance Variation.} 9. Nxg6 (9. gxh5 Bxc2 10. Qxc2 dxc3 $17) 9... fxg6 10. Ne2 $5 {[%cal Bc3e2,Be2d4,Bd4f3][%mdl 4] An interesting side line.} Qc7 11. Nxd4 Qxe5+ (11... Bb4+ $6 12. c3 $16) 12. Be3 Nc6 13. Bb5 {[#]} a6 $146 ({Predecessor:} 13... Rc8 14. Qd3 Nge7 15. O-O-O Kf7 16. Nf3 Qd6 17. Ng5+ Kg8 18. Bxc6 Rxc6 19. Bd2 hxg4 {½-½ (54) Segovia,L (1885)-Costara,M Ciudadela 2008}) 14. Bxc6+ bxc6 15. Qd3 {Black must now prevent 0-0-0.} c5 (15... Ne7 $11) 16. Nf3 $1 $14 ({Don't play} 16. Qxg6+ $6 Kd7 $11) 16... Qe4 $1 {[%cal Re4f3]} 17. Qxe4 dxe4 18. Ng5 hxg4 19. Nxe6 Rc8 20. Nxf8 Kxf8 21. O-O-O Ke7 $1 22. Rd5 {[%mdl 1024] White has compensation.} Rh5 23. Bg5+ Nf6 24. Rhd1 Kf7 25. Rd6 Nh7 26. Be3 (26. Rxa6 Nxg5 27. hxg5 Rh2 $11) 26... Nf6 27. Rxa6 Rxh4 28. Ra7+ Ke6 29. Rxg7 g3 30. Rxg6 Rg4 31. Rh6 $1 g2 32. Rg1 Kf5 33. Rh2 Rcg8 34. Bxc5 Nd5 35. Be3 (35. Kd2 $1 $16) 35... Ke5 (35... Nxe3 $6 36. fxe3 Ke6 37. Kd2 $16) (35... Nb4 $11 {keeps the balance.}) 36. a4 $1 $16 {[%cal Ba2a4,Ba4a5,Ba5a6][%mdl 32]} Ne7 {next ...Nf5 is good for Black.} 37. a5 Nf5 {White should prevent ...Nh4.} 38. a6 Nh4 {[#] With the idea ...Nf3.} 39. b4 $1 {[%cal Rb4b5] aiming for b5.} Nf3 {[#]} 40. Rgxg2 $3 {[%mdl 512]} Rxg2 41. Rxg2 Rxg2 42. b5 Kd5 {Black wants to play ...Ne5.} 43. b6 Kc6 44. b7 Rg8 45. Bf4 Kb6 ({Don't go for} 45... e3 $2 46. fxe3 Kb6 47. b8=Q+ $18) 46. b8=Q+ Rxb8 47. Bxb8 {Hoping for a7.} Kxa6 {[%mdl 4096] Endgame KB-KN} 48. c4 Kb7 49. Bf4 Kc6 {[#]} 50. Kb2 $1 Nd4 51. Be3 Nf5 52. Kc3 Kd6 53. Kb4 {And now Kb5 would win.} Kc6 54. Bg5 Nd4 55. Bf4 Nf5 56. Be3 Ne7 57. Bd4 Nf5 58. Bc5 Ng7 59. Bd4 Nf5 $1 {[%cal Rf5d4]} 60. Be3 Ne7 $1 61. Bd4 Nf5 {Weighted Error Value: White=0.11/Black=0.08} 1/2-1/2